000 00370 a2200121 4500
001 ART_10473
005 20260410161848.0
008 260409a
245 1 0 _aRentabilidad potencial de la investigación ganadera
100 1 _aPiñeiro, Martín E.
700 1 _aHurtado, Hernán
773 0 _tEconómica
_g- Año XIX, Nº 2 (may./ago. 1973)
_wREV7541
999 _c24764
_d24764